000 01432nam a22002537a 4500
005 2009071704254.0
008 090717t xxu||||| |||| 00| 0 eng d
010 _aB-342128-130
020 _a9788184000351
_c395.00
035 _aB-342128-130
037 _bPansy Books
040 _adpl
_bEnglish
082 _a883.92
100 _aDaniyal Mueenuddin
245 _aIn other rooms, other wonders /
_cby Daniyal Mueenuddin
260 _aNoida
_bRandom House Publishers
_c2009
270 _aMindMill Corporate Tower, 2nd Floor, Plot No. 24A,, Sector 16 A
_bNoida
_e201301
300 _a247p.
_c23cm.
942 _2ddc
_cEN
_mDAN
_h883.92
999 _c28367
_d28367